000 00348nam a2200145Ia 4500
008 240624s9999 xx 000 0 und d
041 _aeng
082 _a515.2 BAB
100 _aBABONES SALVATORE
245 _aAPPLIED STATISTICAL MODELING
260 _c2013
_aLondon
_bSage
300 _axviii, 413 p.; 23 cm.
365 _cBPS
_b38
440 _v4
999 _c28989
_d28989